[Event "Finistere-chB 0405"]
[Site "Finistere"]
[Date "2005.01.15"]
[Round "4"]
[White "Nineuil, Vincent"]
[Black "Capitaine, Vincent"]
[Result "1-0"]
[WhiteElo "1720"]
[BlackElo "1199"]
[PlyCount "95"]
[EventDate "2004.10.16"]
[EventType "swiss"]
[EventRounds "7"]
[EventCountry "FRA"]
[SourceTitle "EXT 2007"]
[Source "ChessBase"]
[SourceDate "2006.11.23"]
[SourceVersion "1"]
[SourceVersionDate "2006.11.23"]
[SourceQuality "1"]

1. e4 e5 2. Nf3 Nc6 3. Bc4 Bc5 4. Nc3 h6 5. d3 Nf6 6. Be3 d6 7. h3 0-0 8. 0-0 Be6 9. Bxe6 fxe6 10. Bxc5 dxc5 11. Nb1 g5 12. Nh2 b5 13. Na3 b4 14. Nc4 Qd4 15. Nf3 Qd7 16. Nfxe5 Nxe5 17. Nxe5 Qd4 18. Nc4 Ne8 19. Qg4 e5 20. Qe6+ Kh7 21. Qxe5 Nd6 22. Qxd4 cxd4 23. Nxd6 cxd6 24. f3 a5 25. Rf2 a4 26. Raf1 a3 27. b3 Rf6 28. f4 Raf8 29. f5 Kg7 30. g3 Kf7 31. h4 g4 32. h5 Ke7 33. Rf4 Rg8 34. R1f2 Rg5 35. Rh2 Kd7 36. Rh4 Kc6 37. Rfxg4 Rxg4 38. Rxg4 d5 39. Rg6 Rd6 40. e5 Kc5 41. Rxd6 Kb5 42. Rxd5+ Kc6 43. Rd8 Kc5 44. e6 Kc6 45. e7 Kc5 46. e8Q Kb6 47. Rd6+ Kc5 48. Qe5# 1-0